|
|
|
|
| LEADER |
00950pam a22002538a 4500 |
| 001 |
00024926 |
| 005 |
20171026081025.0 |
| 008 |
110725s2001 ||||||Viesd |
| 041 |
0 |
# |
|a Vie
|
| 082 |
1 |
4 |
|a 160
|b GI108TR
|
| 100 |
0 |
# |
|a Lê Doãn Tá
|e Chủ biên
|
| 245 |
0 |
0 |
|a Logic học đại cương
|c Vương Tất Đạt
|
| 250 |
# |
# |
|a Tái bản lần thứ 8 có sữa chửa bổ sung
|
| 260 |
# |
# |
|a H.
|b NXB. Đại học quốc gia hà nội
|c 2001
|
| 300 |
# |
# |
|a 178.tr
|c 19.cm
|
| 500 |
# |
# |
|a ĐTTS ghi: Học viện chính trị quốc gia Hồ Chí Minh Phân Viện Hà Nội-Khoa triết học
|
| 650 |
# |
4 |
|a Chủ nghĩa xã hội khoa học
|
| 650 |
# |
4 |
|a Giáo trình
|
| 650 |
# |
4 |
|a Lô gic học
|
| 650 |
# |
4 |
|a Lịch sử
|
| 650 |
# |
4 |
|a Tư tưởng
|
| 852 |
# |
# |
|b Kho đọc
|
| 910 |
|
|
|d 25/07/2011
|
| 980 |
# |
# |
|a Trung tâm Học liệu Lê Vũ Hùng, Trường Đại học Đồng Tháp
|